Statistics for Little Mix Songs!

Click here to take the quiz!

General Stats

  • This quiz has been taken 1,450 times
    (1,081 since last reset)
  • The average score is 33 of 66

Answer Stats

AlbumAnswer% Correct
SaluteSalute
94%
DNADNA
93%
DNAWings
88%
Glory DaysShout Out To My Ex
84%
Get WeirdBlack Magic
82%
Glory DaysTouch
74%
Glory DaysPower
73%
Get WeirdSecret Love Song
71%
Get WeirdHair
70%
SaluteMove
69%
DNAChange Your Life
67%
SaluteLittle Me
66%
Get WeirdLove Me Like You
66%
Glory DaysNo More Sad Songs
64%
DNAHow Ya Doin?
63%
Get WeirdWeird People
61%
Glory DaysOops
55%
Get WeirdA.D.I.D.A.S
54%
SaluteBoy
54%
DNARed Planet
52%
Glory DaysF.U.
51%
Get WeirdLove Me or Leave Me
51%
Get WeirdLightning
50%
Glory DaysDown & Dirty
49%
Get WeirdGrown
49%
Get WeirdThe End
48%
SaluteTowers
48%
SaluteAbout the Boy
47%
SaluteGood Enough
47%
SaluteThese Four Walls
47%
DNAAlways Be Together
46%
DNAMadhouse
46%
Glory DaysNothing Else Matters
46%
Get WeirdI Love You
45%
DNATurn Your Face
45%
Glory Days (Deluxe)Beep Beep
44%
Glory DaysNobody Like You
44%
Glory DaysYour Love
44%
Get WeirdOMG
43%
Get Weird (Deluxe)The Beginning
43%
Glory DaysPrivate Show
42%
SaluteCompetition
41%
DNAPretend It's Ok
41%
DNAStereo Soldier
41%
Glory DaysYou Gotta Not
41%
Glory Days (Deluxe)Freak
40%
DNAGoing Nowhere
40%
Glory Days (Platinum)Is Your Love Enough?
40%
Get Weird (Deluxe)Secret Love Song Part 2
39%
DNA (Deluxe)Case Closed
38%
Glory Days (Platinum)Dear Lover
38%
DNAWe Are Who We Are
38%
Get Weird (Deluxe)Clued Up
37%
Get Weird (Deluxe)I Won't
37%
DNA (Deluxe)Love Drunk
37%
SaluteNothing Feels Like You
37%
SaluteA Different Beat
36%
Glory Days (Platinum)If I Get My Way
36%
SaluteMr Loverboy
36%
Salute (Deluxe)They Just Don't Know You
33%
Salute (Deluxe)Stand Down
32%
Salute (Deluxe)See Me Now
31%
DNA (Deluxe)Make You Believe
30%
DNA (Deluxe)DNA Unplugged
20%
Glory Days (Deluxe)Touch acoustic
19%
Salute (Deluxe)Little Me Unplugged
18%

Score Distribution

Percentile by Number Answered

Percent of People with Each Score

Your Score History

You have not taken this quiz since the last reset